000 00576nam a2200229Ia 4500
003 OSt
005 20220918201919.0
006 a|||||r|||| 00| 0
007 ta
008 220917b |||||||| |||| 00| 0 eng d
024 _a97,436
037 _cTextual
040 _aARTS
_cARTS
_beng
041 _2eng
_aeng
082 _aV2:1:M3, K31
100 _aMisra G S
_9101299
245 0 _aBritish foreign policy and Indian affairs 1783-1815
260 _c1963
650 _aHISTORY
942 _hV2:1:M3, K31
_cTEXL
_2CC
999 _c221031
_d221031